Asian Nations - Statistics

General Stats
  • This quiz has been taken 9 times
  • The average score is 52 of 57
Answer Stats
Answer % Correct
Afghanistan
100%
Armenia
100%
Azerbaijan
100%
Bangladesh
100%
Bhutan
100%
Cambodia
100%
Cyprus
100%
Georgia
100%
India
100%
Indonesia
100%
Iran
100%
Iraq
100%
Japan
100%
Jordan
100%
Kazakhstan
100%
Kyrgyzstan
100%
Laos
100%
Lebanon
100%
Maldives
100%
Mongolia
100%
Myanmar
100%
Nepal
100%
North Korea
100%
Oman
100%
Pakistan
100%
Palestine
100%
Qatar
100%
Saudi Arabia
100%
Singapore
100%
South Korea
100%
Syria
100%
Tajikistan
100%
Thailand
100%
Timor Leste
100%
Turkey
100%
Turkmenistan
100%
United Arab Emirates
100%
Uzbekistan
100%
Vietnam
100%
Yemen
100%
Bahrain
88%
Brunei
88%
China
88%
Israel
88%
Kuwait
88%
Malaysia
88%
Philippines
88%
Russia
88%
Sri Lanka
88%
Taiwan
88%
Hong Kong
75%
South Ossetia
75%
Abkhazia
63%
Egypt
38%
Macao
38%
Northern Cyprus
38%
United Kingdom
38%
No matching quizzes found
Score Distribution
Percent of People with Each Score
Percentile by Number Answered
Your Score History
You have not taken this quiz